000 00613nam a2200205Ia 4500
003 GCL
008 140319s9999 xx 000 0 ara d
040 _aGCL /
_cGCL
082 0 4 _a637.5
_bم ص
100 1 _aمحمد سعيد محمد سامى
245 1 0 _aقطعان الانتاج التجارى للبيض /
_cمحمد سعيد محمد سامى
700 1 _aمحمد جمال الدين قمر
260 _a[S.N] :
_bدار الفكر العربى ،
_c1984
300 _a550 ص
490 _a
650 0 4 _aالبيض
650 0 4 _aالاسعار
650 0 4 _aالانتاج
942 _2ddc
_cBK
999 _c48104
_d48104